000 00610nam a22001697a 4500
005 20251108165011.0
008 250721s1986 xx 000 0 ara d
082 1 4 _a956.06/صفا
100 1 _aعبد الفتاح، صفاء حافظ
245 1 0 _aنظم الحكم في الدولة العباسية :
_bمن أوائل القرن الثالث الهجري إلى دخول بني بويه بغداد /
264 1 _aالقاهرة :
_bدار الثقافة،
_c1986.
300 _a270ص
650 1 7 _aالعباسيون 750-1258
650 1 7 _aتاريخ العرب
942 _2ddc
_cBK
999 _c19522
_d19522